00337nam a2200121Ia 4500082001800000100001500018245006100033260003600094300001300130504001900143650002800162650002500190 a519.542 HAD-; aHadley, G. 0aIntroduction probability and statistical decision theory aSan FranciscobHolden-Dayc1967 ax, 580p. aIncludes index aMathematical statistics aStatistical decision